Catálogo
 En Linea

Eleonor Mermelada perdio el mixto a cienfuegos : (Registro nro. 43509)

Detalles MARC
000 -CABECERA
campo de control de longitud fija 00568nam a2200157 a 4500
001 - NÚMERO DE CONTROL
campo de control 000044020
005 - FECHA Y HORA DE LA ÚLTIMA TRANSACCIÓN
campo de control 20201002045110.0
008 - DATOS DE LONGITUD FIJA--INFORMACIÓN GENERAL
campo de control de longitud fija 140513s1993 sp 000 0 spa d
020 ## - NÚMERO INTERNACIONAL ESTÁNDAR DEL LIBRO
Número Internacional Estándar del Libro 8488675003
040 ## - FUENTE DE LA CATALOGACIÓN
Centro catalogador/agencia de origen DO-SdBNP
Lengua de catalogación spa
Centro/agencia transcriptor BNPHU
100 1# - ENTRADA PRINCIPAL--NOMBRE DE PERSONA
Nombre de persona Panero Martínez, José Antonio
9 (RLIN) 71998
245 10 - MENCIÓN DE TÍTULO
Título Eleonor Mermelada perdio el mixto a cienfuegos :
Resto del título y otros relatos /
Mención de responsabilidad, etc. José Antonio Panero Martínez.
260 ## - PUBLICACIÓN, DISTRIBUCIÓN, ETC.
Lugar de publicación, distribución, etc. [Madrid] :
Nombre del editor, distribuidor, etc. Fundación de los Ferrocarriles Españoles,
Fecha de publicación, distribución, etc. 1993.
300 ## - DESCRIPCIÓN FÍSICA
Extensión 105 p. ;
Dimensiones 21 cm.
586 ## - NOTA DE PREMIOS
Nota de premios IX Premio narraciones breves Antonio Machado
Existencias
Estado de retiro Estado de pérdida Restricciones de uso No para préstamo Código de colección Localización permanente Ubicación/localización actual Ubicación en estantería Fecha de adquisición Número de inventario Total de préstamos Signatura topográfica completa Código de barras Fecha visto por última vez Precio válido a partir de Tipo de ítem Koha
      Excluido de préstamo Monografías: Libros y Folletos General General En catalogación 13.05.2014 LF1   44020-10 25.06.2020 25.06.2020 No se presta

Con tecnología Koha